| 000 | 00524nam a22001697a 4500 | ||
|---|---|---|---|
| 999 |
_c1131 _d1131 |
||
| 008 | 160224b xxu||||| |||| 00| 0 eng d | ||
| 020 | _a9789712364433 | ||
| 082 |
_22013 _aDFil 338.4791 _bC88p |
||
| 100 |
_93179 _aCruz, Zenaida L., |
||
| 245 |
_aPrinciples of tourism _bpart II/ _cZenaida L. Cruz. |
||
| 260 |
_aManila: _bRex Book Store, _c2013. |
||
| 300 |
_axi, 279 pages: _billustrations; _c23 cm. |
||
| 500 | _aIncludes glossary and index. | ||
| 650 | 0 |
_93178 _aTourist trade |
|
| 365 |
_b419.00 _cPhp |
||
| 942 |
_2ddc _cDFIL |
||